000 00874nam a2200241Ia 4500
003 Ost
005 20260507075747.0
008 260507s9999||||xx |||||||||||||| ||und||
020 _a4030609977
040 _cfsecg
041 _aara
082 _a330
100 _aالعيسوي، ابراهيم
_eمؤلف
245 0 _aالتنمية في عالم متغير :
_bدراسة في مفهوم التنمية ومؤشراتها /
_c ابراهيم العيسوي
250 _aطبعة 2
260 _aالقاهرة:
_bدار الشروق للنشر والتوزيع,
_c2001
300 _a213 صفحة؛
_bإيضاحات ؛
_c24 سم
520 _aتطور مفهوم التنمية- تطور مؤشرات التنمية.
653 _aالتنمية
653 _aالتنمية الإقتصادية
653 _aمؤشرات التنمية
942 _cكتاب
999 _c46205
_d46205